000 00599nam a2200205 i 4500
001 129761
003 ES-MaACL
005 20230906193552.0
007 t|
008 070705s1955 fr ||||1| fre d
080 _a929 Wilde, Oscar
100 1 _aMerle, Robert.
_980569
245 1 0 _aOscar Wilde ou la "destinée de l'homosexuel /
_cRobert Merle.
250 _a8e éd.
260 _aParis :
_bGallimard,
_c[1955]
300 _a213 p. ;
_c19 cm.
500 _aBiblioteca Jacinto Martínez Lacalle.
600 1 4 _aWilde, Oscar-
_xBiografías.
_9116825
852 _aES-MaACL
_jE-11824
_bR.138984
999 _c129761
_d129761